[Event "China-Russia Match 2015"]
[Site "Ningbo CHN"]
[Date "2015.07.15"]
[Round "1.1"]
[White "Yu, Yangyi"]
[Black "Svidler, Peter"]
[Result "1/2-1/2"]
[WhiteTitle "GM"]
[BlackTitle "GM"]
[WhiteElo "2736"]
[BlackElo "2740"]
[WhiteTeam "China"]
[BlackTeam "Russia"]
[WhiteFideId "8603820"]
[BlackFideId "4102142"]
[EventDate "2015.07.15"]

1. e4 e5 2. Nf3 Nc6 3. Bb5 a6 4. Ba4 Nf6 5. O-O Be7 6. Re1 b5 7. Bb3 d6 8. c3
O-O 9. h3 Re8 10. d4 Bb7 11. Nbd2 exd4 12. cxd4 Nd7 13. Nf1 Na5 14. Bc2 Bf6 15.
Bf4 Nf8 16. Ng3 g6 17. Rb1 c5 18. d5 Nc4 19. Qc1 Nd7 20. Nf1 Rc8 21. N1h2 Nce5
22. Nxe5 Nxe5 23. Ng4 Nxg4 24. hxg4 c4 25. g5 Bg7 26. Bd2 a5 27. Bc3 b4 28. Bxg7
Kxg7 29. Qe3 Qe7 30. f4 Qc7 31. Qd4+ Kg8 32. Re3 Qc5 33. Qxc5 Rxc5 34. Kf2 Bc8
35. Ba4 Re7 36. Rh1 Rec7 37. Bc6 Bb7 38. Bxb7 Rxb7 39. Reh3 h5 40. gxh6 c3 41.
Rb1 cxb2 42. Rxb2 Rc4 43. Re2 Re7 44. Kf3 Rc3+ 45. Re3 f5 46. Rxc3 bxc3 47. exf5
gxf5 48. Rh1 c2 49. Rc1 Rc7 50. Ke3 Rc5 51. Kd3 Rxd5+ 52. Kxc2 Rc5+ 53. Kd2 Rxc1
54. Kxc1 Kh7 55. Kc2 Kxh6 56. Kb3 d5 57. Kc3 Kh5 58. Kd4 Kg4 59. Kxd5 Kxf4 60.
a4 Kg3 61. Ke5 Kxg2 62. Kxf5 1/2-1/2

[Event "China-Russia Match 2015"]
[Site "Ningbo CHN"]
[Date "2015.07.15"]
[Round "1.2"]
[White "Wang, Chen"]
[Black "Vitiugov, Nikita"]
[Result "1/2-1/2"]
[WhiteTitle "IM"]
[BlackTitle "GM"]
[WhiteElo "2521"]
[BlackElo "2734"]
[WhiteTeam "China"]
[BlackTeam "Russia"]
[WhiteFideId "8601020"]
[BlackFideId "4152956"]
[EventDate "2015.07.15"]

1. e4 c5 2. Nc3 e6 3. g3 Nc6 4. Bg2 g6 5. Nge2 Bg7 6. O-O Nge7 7. d3 O-O 8. a3
b6 9. Rb1 Bb7 10. b4 d6 11. Na2 Qd7 12. Bb2 Nd4 13. Nac1 e5 14. c4 f5 15. Nxd4
cxd4 16. Nb3 f4 17. Nd2 Kh8 18. Kh1 Ng8 19. Nf3 Qe7 20. Bh3 Rf7 21. Bc1 Bh6 22.
Ng1 Raf8 23. f3 g5 24. Rb2 Bg7 25. Rg2 Rf6 26. Bf5 Qe8 27. g4 Rh6 28. b5 Ne7 29.
Bd2 a5 30. a4 Rg8 31. Be1 Bf6 32. Rff2 Kg7 1/2-1/2

[Event "China-Russia Match 2015"]
[Site "Ningbo CHN"]
[Date "2015.07.15"]
[Round "1.3"]
[White "Matlakov, Maxim"]
[Black "Lu, Shanglei"]
[Result "1-0"]
[WhiteTitle "GM"]
[BlackTitle "GM"]
[WhiteElo "2691"]
[BlackElo "2595"]
[WhiteTeam "Russia"]
[BlackTeam "China"]
[WhiteFideId "4168003"]
[BlackFideId "8603332"]
[EventDate "2015.07.15"]

1. d4 d5 2. c4 e6 3. Nf3 Nf6 4. g3 g6 5. Bg2 Bg7 6. O-O O-O 7. Qc2 Nc6 8. Rd1 a5
9. a3 Ne7 10. Nc3 b6 11. Bf4 Bb7 12. cxd5 exd5 13. Rac1 Ne8 14. b4 axb4 15. axb4
Qd7 16. Qb3 h6 17. Ne5 Qe6 18. b5 g5 19. Bd2 Nd6 20. Nc6 Bxc6 21. bxc6 Ra5 22.
e3 Rfa8 23. Nb1 R5a6 24. Bb4 Ndf5 25. Nc3 Rd8 26. Nb5 Rc8 27. Bh3 h5 28. Bxe7 g4
29. Bf1 Nxe7 30. Nxc7 1-0

[Event "China-Russia Match 2015"]
[Site "Ningbo CHN"]
[Date "2015.07.15"]
[Round "1.4"]
[White "Fedoseev, Vladimir3"]
[Black "Wei, Yi"]
[Result "0-1"]
[WhiteTitle "GM"]
[BlackTitle "GM"]
[WhiteElo "2664"]
[BlackElo "2724"]
[WhiteTeam "Russia"]
[BlackTeam "China"]
[WhiteFideId "24130737"]
[BlackFideId "8603405"]
[EventDate "2015.07.15"]

1. d4 Nf6 2. c4 g6 3. Nc3 d5 4. cxd5 Nxd5 5. e4 Nxc3 6. bxc3 Bg7 7. Bc4 c5 8.
Ne2 O-O 9. Be3 Nc6 10. Rc1 Qc7 11. h4 Rd8 12. h5 b5 13. Bd5 e6 14. Bxc6 Qxc6 15.
hxg6 fxg6 16. f3 a5 17. Kf2 Ba6 18. Qg1 b4 19. Qh2 h5 20. Nf4 Qe8 21. Qg3 bxc3
22. Nxg6 cxd4 23. Bf4 Qb5 24. e5 Kf7 25. Qg5 Qe2+ 26. Kg3 Rd7 27. Rxh5 Qd3 28.
Nh4 Rg8 29. Kh2 Bh8 30. Qh6 Bg7 31. Qg5 Bc4 32. Re1 Bf8 33. Qf6+ Ke8 34. Bg5 Be7
35. Qh6 Bf8 36. Qf6 Be7 37. Qh6 Bd5 38. Bf6 Bf8 39. Qf4 Qd2 40. Qxd2 cxd2 41.
Rd1 Bb4 42. Bg5 Rxg5 43. Rxg5 Bxa2 44. Rg8+ Kf7 45. Rb8 Bb3 0-1

[Event "China-Russia Match 2015"]
[Site "Ningbo CHN"]
[Date "2015.07.15"]
[Round "1.5"]
[White "Dubov, Daniil"]
[Black "Bu, Xiangzhi"]
[Result "0-1"]
[WhiteTitle "GM"]
[BlackTitle "GM"]
[WhiteElo "2661"]
[BlackElo "2695"]
[WhiteTeam "Russia"]
[BlackTeam "China"]
[WhiteFideId "24126055"]
[BlackFideId "8601445"]
[EventDate "2015.07.15"]

1. d4 d5 2. c4 c6 3. Nf3 Nf6 4. g3 g6 5. Bg2 Bg7 6. cxd5 cxd5 7. Nc3 O-O 8. Ne5
Bf5 9. O-O Ne4 10. Qb3 Nc6 11. Be3 Nxc3 12. bxc3 e6 13. Nxc6 bxc6 14. Qa4 Qb6
15. h3 h5 16. Rfe1 Rfc8 17. Rac1 a5 18. Bf4 c5 19. dxc5 Qxc5 20. e4 Bxe4 21.
Bxe4 dxe4 22. Rxe4 Qd5 23. Rd1 Qf5 24. Rc4 Bxc3 25. Rxc8+ Rxc8 26. Qd7 e5 27.
Qxf5 gxf5 28. Be3 Bb2 29. a4 Rc4 30. Rb1 Bd4 31. Bxd4 exd4 32. Rb5 Rxa4 33. Rxf5
h4 34. gxh4 d3 35. Rd5 Ra3 36. Kg2 a4 37. Rd4 Kg7 38. h5 Kh6 39. Rd5 Rb3 40. Kf3
d2+ 41. Ke2 Rxh3 42. Kxd2 Rxh5 43. Rd6+ Kg5 44. Ra6 Rh4 45. Ke3 Rb4 46. Kf3 Rb3+
47. Kg2 a3 48. f3 Kf5 49. Kg3 Ke5 50. Ra7 Kd4 51. Rxf7 Kc3 52. Ra7 Kb2 53. Kf4
a2 54. Rxa2+ Kxa2 55. Ke4 Ka3 0-1

[Event "China-Russia Match 2015"]
[Site "Ningbo CHN"]
[Date "2015.07.16"]
[Round "2.1"]
[White "Wei, Yi"]
[Black "Svidler, Peter"]
[Result "0-1"]
[WhiteTitle "GM"]
[BlackTitle "GM"]
[WhiteElo "2724"]
[BlackElo "2740"]
[WhiteTeam "China"]
[BlackTeam "Russia"]
[WhiteFideId "8603405"]
[BlackFideId "4102142"]
[EventDate "2015.07.15"]

1. e4 e5 2. Nf3 Nc6 3. Bb5 a6 4. Ba4 Nf6 5. O-O Be7 6. Re1 b5 7. Bb3 O-O 8. a4
b4 9. d4 d6 10. dxe5 dxe5 11. Nbd2 Bc5 12. h3 h6 13. Qe2 Qe7 14. a5 Be6 15. Bc4
Nh5 16. Bxe6 Qxe6 17. Qc4 Qxc4 18. Nxc4 Rfe8 19. Be3 Bxe3 20. Nxe3 Nf4 21. Rad1
Red8 22. h4 f6 23. Kf1 h5 24. Nc4 Kf7 25. g3 Ne6 26. Rd5 Ne7 27. Rd2 Nc5 28. c3
bxc3 29. bxc3 Ke6 30. Rxd8 Rxd8 31. Nfd2 Nc6 32. Ke2 Na7 33. Na3 Rb8 34. Nac4
Nb5 35. Rc1 Na4 36. Nb1 g6 37. f4 Nc5 38. Nbd2 exf4 39. gxf4 Rd8 40. f5+ gxf5
41. exf5+ Kxf5 42. Ne3+ Ke6 43. Rc2 Kf7 44. Nf3 Ne4 45. Nd1 Re8 46. Kf1 c5 47.
Nd2 Kg6 48. Nc4 Ng3+ 49. Kf2 Nf5 50. Nde3 Nxh4 51. Rc1 Re4 52. Nd2 Rf4+ 53. Ke2
Nf5 54. Rg1+ Kf7 55. Nd5 Ra4 56. Kd3 Rh4 57. Nf3 c4+ 58. Kd2 Re4 59. Rf1 Re6 60.
Kc1 Rd6 61. Nb6 Ne3 62. Re1 Rd3 63. Na4 Ng4 64. Nh4 Nxc3 65. Nc5 Rd5 66. Nxa6
Rxa5 67. Nb4 Na2+ 0-1

[Event "China-Russia Match 2015"]
[Site "Ningbo CHN"]
[Date "2015.07.16"]
[Round "2.2"]
[White "Vitiugov, Nikita"]
[Black "Yu, Yangyi"]
[Result "1/2-1/2"]
[WhiteTitle "GM"]
[BlackTitle "GM"]
[WhiteElo "2734"]
[BlackElo "2736"]
[WhiteTeam "Russia"]
[BlackTeam "China"]
[WhiteFideId "4152956"]
[BlackFideId "8603820"]
[EventDate "2015.07.15"]

1. d4 Nf6 2. c4 e6 3. Nf3 d5 4. Nc3 Bb4 5. cxd5 exd5 6. Bg5 h6 7. Bh4 c5 8. dxc5
Nbd7 9. Qb3 Qa5 10. a3 Bxc3+ 11. Qxc3 Qxc3+ 12. bxc3 Ne4 13. Nd4 g5 14. Bg3
Ndxc5 15. f3 Nxg3 16. hxg3 f5 17. e3 Ke7 18. Kd2 Bd7 19. Bd3 Kf6 20. Bc2 h5 21.
Rh2 Rh6 22. a4 b6 23. a5 b5 24. Rf1 Ke5 25. Rfh1 Rah8 26. Bd3 a6 27. Be2 Kf6 28.
Rb1 Nb7 29. Ra1 Nc5 30. Rb1 Nb7 31. Ra1 Nc5 1/2-1/2

[Event "China-Russia Match 2015"]
[Site "Ningbo CHN"]
[Date "2015.07.16"]
[Round "2.3"]
[White "Bu, Xiangzhi"]
[Black "Matlakov, Maxim"]
[Result "1/2-1/2"]
[WhiteTitle "GM"]
[BlackTitle "GM"]
[WhiteElo "2695"]
[BlackElo "2691"]
[WhiteTeam "China"]
[BlackTeam "Russia"]
[WhiteFideId "8601445"]
[BlackFideId "4168003"]
[EventDate "2015.07.15"]

1. c4 e5 2. Nc3 Nf6 3. Nf3 Nc6 4. g3 d5 5. cxd5 Nxd5 6. Bg2 Nb6 7. O-O Be7 8.
Rb1 f6 9. d3 Be6 10. a3 O-O 11. b4 a5 12. b5 Nd4 13. Nd2 Qc8 14. e3 Nf5 15. Qc2
Rd8 16. Rd1 Nd6 17. Na4 Nxa4 18. Qxa4 Nf7 19. Ne4 Bd5 20. h4 Qe6 21. Nc3 Bxg2
22. Kxg2 f5 23. Bb2 Rd7 24. Qc4 Qxc4 25. dxc4 Rad8 26. Rd5 c6 27. bxc6 bxc6 28.
Rxa5 Rd2 29. Na4 R2d7 30. Nc3 Rd2 31. Na4 Rc2 32. Rc1 Re2 33. Rf1 Nd6 34. Ra7
Bf8 35. Bxe5 Nxc4 36. Bd4 Nxa3 37. Nc5 Nb5 38. Rd7 Rxd7 39. Nxd7 Nxd4 1/2-1/2

[Event "China-Russia Match 2015"]
[Site "Ningbo CHN"]
[Date "2015.07.16"]
[Round "2.4"]
[White "Lu, Shanglei"]
[Black "Fedoseev, Vladimir3"]
[Result "1-0"]
[WhiteTitle "GM"]
[BlackTitle "GM"]
[WhiteElo "2595"]
[BlackElo "2664"]
[WhiteTeam "China"]
[BlackTeam "Russia"]
[WhiteFideId "8603332"]
[BlackFideId "24130737"]
[EventDate "2015.07.15"]

1. e4 e5 2. Nf3 Nc6 3. Bb5 Nf6 4. d3 Bc5 5. Bxc6 dxc6 6. Nbd2 O-O 7. Nc4 Nd7 8.
O-O Re8 9. Be3 Bf8 10. Kh1 a5 11. a4 b6 12. Nfd2 Nc5 13. Qe1 f6 14. f4 exf4 15.
Bxf4 Ne6 16. Be3 Nd4 17. Rc1 c5 18. b3 Be6 19. Qh4 Be7 20. Qf2 Qd7 21. Bf4 Rac8
22. Ne3 Rf8 23. Rce1 Bd6 24. Bxd6 cxd6 25. Ndc4 Rb8 26. Nd5 f5 27. Qd2 fxe4 28.
dxe4 b5 29. axb5 Qxb5 30. Rf4 Bxd5 31. exd5 Qb4 32. c3 Qxb3 33. Nxa5 Qc2 34.
Rxf8+ Rxf8 35. Qe3 Nb5 36. Qe6+ Kh8 37. Qf7 Rg8 38. h3 Qg6 39. Qxg6 hxg6 40. c4
Ra8 41. Nb7 Nd4 42. Nxd6 Kg8 43. Nb7 Ra7 44. Nxc5 Rc7 45. d6 Rxc5 46. d7 Nc6 47.
Re6 Kh7 48. Rxc6 Rxc6 49. d8=Q Rxc4 50. Qd3 Ra4 51. Kh2 Rb4 52. g4 Ra4 53. Kg3
Ra1 54. h4 Kh6 55. g5+ Kh7 56. h5 Rg1+ 57. Kf4 1-0

[Event "China-Russia Match 2015"]
[Site "Ningbo CHN"]
[Date "2015.07.16"]
[Round "2.5"]
[White "Dubov, Daniil"]
[Black "Wang, Chen"]
[Result "1/2-1/2"]
[WhiteTitle "GM"]
[BlackTitle "IM"]
[WhiteElo "2661"]
[BlackElo "2521"]
[WhiteTeam "Russia"]
[BlackTeam "China"]
[WhiteFideId "24126055"]
[BlackFideId "8601020"]
[EventDate "2015.07.15"]

1. d4 d5 2. c4 e6 3. Nf3 Nf6 4. g3 g6 5. Bg2 Bg7 6. O-O O-O 7. Qc2 Nc6 8. Rd1
Qe7 9. Bg5 h6 10. Bxf6 Qxf6 11. e3 Qd8 12. Nbd2 Ne7 13. Ne1 c6 14. Nd3 Qd6 15.
a3 Bd7 16. b4 Rfc8 17. Nb3 Be8 18. a4 Qd8 19. Rab1 Nf5 20. Rdc1 Kh7 21. Nd2 a6
22. a5 Nd6 23. Nc5 Qe7 24. Re1 Rd8 25. Rbd1 Rab8 26. Qb3 Kh8 27. Qc2 Qc7 28. Rb1
Qe7 29. Red1 Kg8 30. Na4 Nf5 31. Nb6 Nd6 32. Nb3 Kh8 33. Nc5 Kg8 34. Rbc1 Kh8
35. Kh1 Kg8 36. f4 Kh8 37. Qf2 Kg8 38. Bf1 f6 39. Bh3 Bf7 40. cxd5 cxd5 41. Rc2
Bf8 42. Rdc1 Qe8 43. Qe2 Nb5 44. Qd3 Kg7 45. Bf1 Bd6 46. Bh3 Qe7 47. Rf1 Re8 48.
Qd1 Bc7 49. Nba4 Na3 50. Re2 Nb5 51. Qd3 Bd6 52. Nc3 Nc7 53. N3a4 Red8 54. Qd2 1/2-1/2

[Event "China-Russia Match 2015"]
[Site "Ningbo CHN"]
[Date "2015.07.17"]
[Round "3.1"]
[White "Svidler, Peter"]
[Black "Bu, Xiangzhi"]
[Result "1/2-1/2"]
[WhiteTitle "GM"]
[BlackTitle "GM"]
[WhiteElo "2740"]
[BlackElo "2695"]
[WhiteTeam "Russia"]
[BlackTeam "China"]
[WhiteFideId "4102142"]
[BlackFideId "8601445"]
[EventDate "2015.07.15"]

1. e4 c5 2. Nf3 d6 3. d4 cxd4 4. Nxd4 Nf6 5. Nc3 a6 6. Bg5 e6 7. f4 Qb6 8. Qd2
Nc6 9. O-O-O Qxd4 10. Qxd4 Nxd4 11. Rxd4 Be7 12. Na4 Nd7 13. Bxe7 Kxe7 14. Be2
b5 15. Nc3 Rb8 16. Rhd1 Rb6 17. a4 bxa4 18. Nxa4 Rc6 19. Nc3 Bb7 20. h4 Rhc8 21.
R1d2 Nc5 22. Kb1 Rb6 23. Na4 Nxa4 24. Rxa4 Rc5 25. Rad4 f6 26. Bf3 e5 27. fxe5
fxe5 28. R4d3 Rc4 29. Re3 a5 30. b3 a4 31. Kb2 1/2-1/2

[Event "China-Russia Match 2015"]
[Site "Ningbo CHN"]
[Date "2015.07.17"]
[Round "3.2"]
[White "Vitiugov, Nikita"]
[Black "Wei, Yi"]
[Result "0-1"]
[WhiteTitle "GM"]
[BlackTitle "GM"]
[WhiteElo "2734"]
[BlackElo "2724"]
[WhiteTeam "Russia"]
[BlackTeam "China"]
[WhiteFideId "4152956"]
[BlackFideId "8603405"]
[EventDate "2015.07.15"]

1. d4 Nf6 2. c4 g6 3. g3 c6 4. Nf3 d5 5. Qb3 a5 6. cxd5 a4 7. Qd1 cxd5 8. Bg2
Bg7 9. O-O Ne4 10. Nc3 Nc6 11. e3 O-O 12. Nd2 Nxc3 13. bxc3 Qa5 14. Rb1 Bf5 15.
Rxb7 Bd3 16. Re1 Rab8 17. Rxb8 Rxb8 18. Ba3 Qxc3 19. Qc1 Qa5 20. Rd1 Rc8 21. Qc5
e6 22. Qxa5 Nxa5 23. Bf1 Bxf1 24. Kxf1 Bf8 25. Bxf8 Kxf8 26. Rb1 Rc2 27. Rb5
Rxd2 28. Rxa5 Rxa2 29. g4 g5 30. Ra7 a3 31. Kg2 Ra1 32. Kg3 a2 33. Kg2 f6 34. h3
e5 35. Kf3 Ke8 36. Kg2 Kd8 37. Kf3 Kc8 38. Ke2 Kb8 39. Ra3 Kb7 40. Kf3 Kc6 0-1

[Event "China-Russia Match 2015"]
[Site "Ningbo CHN"]
[Date "2015.07.17"]
[Round "3.3"]
[White "Yu, Yangyi"]
[Black "Matlakov, Maxim"]
[Result "1/2-1/2"]
[WhiteTitle "GM"]
[BlackTitle "GM"]
[WhiteElo "2736"]
[BlackElo "2691"]
[WhiteTeam "China"]
[BlackTeam "Russia"]
[WhiteFideId "8603820"]
[BlackFideId "4168003"]
[EventDate "2015.07.15"]

1. e4 c5 2. Nf3 e6 3. d4 cxd4 4. Nxd4 Nc6 5. Nc3 Qc7 6. Be3 a6 7. Qd2 Nf6 8.
O-O-O Be7 9. f3 b5 10. g4 Nxd4 11. Qxd4 Bb7 12. g5 Nh5 13. Bh3 Rc8 14. Bg4 b4
15. Bxh5 bxc3 16. Qxg7 cxb2+ 17. Kxb2 Rf8 18. Ka1 Bb4 19. Bd4 Bc3+ 20. Bxc3
Qxc3+ 21. Qxc3 Rxc3 22. Kb2 Rc5 23. h4 h6 24. Rhg1 Bc6 25. Rde1 Rh8 26. e5 hxg5
27. Rxg5 Rc4 28. Rh1 Ke7 29. Rh2 Rf4 30. Bg4 Bxf3 31. Bxf3 Rxf3 32. h5 Rh6 33.
Rh4 1/2-1/2

[Event "China-Russia Match 2015"]
[Site "Ningbo CHN"]
[Date "2015.07.17"]
[Round "3.4"]
[White "Wang, Chen"]
[Black "Fedoseev, Vladimir3"]
[Result "1/2-1/2"]
[WhiteTitle "IM"]
[BlackTitle "GM"]
[WhiteElo "2521"]
[BlackElo "2664"]
[WhiteTeam "China"]
[BlackTeam "Russia"]
[WhiteFideId "8601020"]
[BlackFideId "24130737"]
[EventDate "2015.07.15"]

1. e4 c5 2. Nc3 Nc6 3. Bb5 Nd4 4. Bc4 e6 5. Nf3 Qc7 6. d3 Nc6 7. O-O a6 8. a4
Bd6 9. g3 Nge7 10. Ne1 Be5 11. Ne2 Bf6 12. f4 d5 13. Ba2 dxe4 14. dxe4 e5 15. f5
Bxf5 16. exf5 Rd8 17. Bd2 Qd7 18. Nc3 Qxd2 19. Qxd2 Rxd2 20. Ne4 Rd8 21. Nxc5
O-O 22. c3 Na5 23. b4 b6 24. Ne4 Nb7 25. Nf3 Nd6 26. Nxd6 Rxd6 27. Rae1 Nxf5 28.
Nxe5 Nh6 29. Re2 Rfd8 30. Nc4 Rc6 31. b5 axb5 32. axb5 Rc5 33. Nxb6 Bxc3 34. Nd5
Bd4+ 35. Kg2 g6 36. Rd1 Rcxd5 37. Bxd5 Rxd5 38. b6 Nf5 39. b7 Rb5 40. Re8+ Kg7
41. b8=Q Rxb8 42. Rxb8 Ne3+ 43. Kf3 Nxd1 44. Rd8 Bf6 45. Rxd1 h5 46. Ke4 Bb2 47.
Rb1 Bc3 48. Kd5 Bf6 49. Kd6 Bd4 50. Ke7 Bc5+ 51. Kd7 Bd4 52. Kd6 Bf6 53. Rd1 Kf8
54. Kd7 Bb2 55. Rd5 Bc3 56. Rb5 Bd4 57. Rb1 Be5 58. Rb4 Bc3 59. Rb8+ Kg7 60. Ke8
f5 61. Rb7+ Kg8 62. Ke7 Ba1 63. Ke6 Bc3 64. Rb3 Ba1 1/2-1/2

[Event "China-Russia Match 2015"]
[Site "Ningbo CHN"]
[Date "2015.07.17"]
[Round "3.5"]
[White "Lu, Shanglei"]
[Black "Dubov, Daniil"]
[Result "1-0"]
[WhiteTitle "GM"]
[BlackTitle "GM"]
[WhiteElo "2595"]
[BlackElo "2661"]
[WhiteTeam "China"]
[BlackTeam "Russia"]
[WhiteFideId "8603332"]
[BlackFideId "24126055"]
[EventDate "2015.07.15"]

1. e4 e5 2. Nf3 Nc6 3. Bb5 a6 4. Ba4 Nf6 5. O-O Be7 6. Bxc6 dxc6 7. Qe1 Nd7 8.
d4 Bf6 9. Be3 exd4 10. Bxd4 Bxd4 11. Nxd4 Nb6 12. Qc3 O-O 13. a4 a5 14. Nd2 Qe7
15. Rfe1 Be6 16. N2b3 Bxb3 17. Nxb3 Qb4 18. Qxb4 axb4 19. Nc5 Nc4 20. b3 Na3 21.
Rec1 b6 22. Nd3 c5 23. c3 Rfd8 24. Nf4 b5 25. cxb4 cxb4 26. a5 Rd2 27. Nd5 Rb2
28. Rxc7 Rxb3 29. a6 h6 30. a7 Kh7 31. Nb6 Rxa7 32. Rxa7 Nc2 33. Rc1 Nd4 34. Kf1
Ra3 35. Rxa3 bxa3 36. Nd5 Nb3 37. Rc2 1-0

[Event "China-Russia Match 2015"]
[Site "Ningbo CHN"]
[Date "2015.07.19"]
[Round "4.1"]
[White "Svidler, Peter"]
[Black "Lu, Shanglei"]
[Result "1/2-1/2"]
[WhiteTitle "GM"]
[BlackTitle "GM"]
[WhiteElo "2740"]
[BlackElo "2595"]
[WhiteTeam "Russia"]
[BlackTeam "China"]
[WhiteFideId "4102142"]
[BlackFideId "8603332"]
[EventDate "2015.07.15"]

1. d4 d5 2. c4 c6 3. Nc3 e6 4. Nf3 Nf6 5. Bg5 dxc4 6. e4 b5 7. e5 h6 8. Bh4 g5
9. Nxg5 hxg5 10. Bxg5 Be7 11. exf6 Bxf6 12. Bxf6 Qxf6 13. g3 Na6 14. Bg2 Bb7 15.
Nxb5 O-O-O 16. Qa4 cxb5 17. Bxb7+ Kxb7 18. Qxb5+ Ka8 19. Qc6+ Kb8 20. Qb5+ Ka8
21. Qc6+ Kb8 22. Qb5+ Ka8 1/2-1/2

[Event "China-Russia Match 2015"]
[Site "Ningbo CHN"]
[Date "2015.07.19"]
[Round "4.2"]
[White "Bu, Xiangzhi"]
[Black "Vitiugov, Nikita"]
[Result "1-0"]
[WhiteTitle "GM"]
[BlackTitle "GM"]
[WhiteElo "2695"]
[BlackElo "2734"]
[WhiteTeam "China"]
[BlackTeam "Russia"]
[WhiteFideId "8601445"]
[BlackFideId "4152956"]
[EventDate "2015.07.15"]

1. Nf3 c5 2. c4 Nc6 3. Nc3 Nf6 4. g3 d5 5. d4 e6 6. cxd5 Nxd5 7. Bg2 Nxc3 8.
bxc3 cxd4 9. Nxd4 Nxd4 10. Qxd4 Qxd4 11. cxd4 Bd6 12. O-O Rb8 13. e4 b6 14. Bb2
O-O 15. e5 Bb4 16. Rfc1 Bb7 17. Rc7 Bxg2 18. Kxg2 Ra8 19. Rac1 Rfe8 20. Kf3 Bf8
21. Rb7 Re7 22. Rxe7 Bxe7 23. Rc7 Bf8 24. a4 a5 25. Ke4 Rb8 26. Bc3 h5 27. d5
exd5+ 28. Kxd5 b5 29. axb5 Rxb5+ 30. Kc4 Rb8 31. Bxa5 g5 32. Bc3 g4 33. Kd3 Re8
34. Ke4 Re6 35. Kf5 Bg7 36. Bd4 Re8 37. Rd7 Re6 38. Rd5 Rg6 39. Be3 Re6 40. Bf4
Kh7 41. Kg5 Bh6+ 42. Kh4 Bxf4 43. gxf4 Ra6 44. Rd7 Kg7 45. Kxh5 Rh6+ 46. Kxg4
Rxh2 47. e6 Kf6 48. e7 1-0

[Event "China-Russia Match 2015"]
[Site "Ningbo CHN"]
[Date "2015.07.19"]
[Round "4.3"]
[White "Matlakov, Maxim"]
[Black "Wang, Chen"]
[Result "1-0"]
[WhiteTitle "GM"]
[BlackTitle "IM"]
[WhiteElo "2691"]
[BlackElo "2521"]
[WhiteTeam "Russia"]
[BlackTeam "China"]
[WhiteFideId "4168003"]
[BlackFideId "8601020"]
[EventDate "2015.07.15"]

1. d4 d5 2. c4 e6 3. Nf3 Nf6 4. g3 g6 5. Bg2 Bg7 6. O-O O-O 7. Qc2 Nc6 8. Rd1
Ne7 9. b3 c6 10. Nc3 b6 11. e4 Ba6 12. e5 Nd7 13. cxd5 exd5 14. Ne2 Re8 15. Nf4
Nf8 16. Ba3 Bb7 17. Bh3 Bh6 18. Bc1 Bg7 19. Ba3 Bh6 20. Bc1 Bg7 21. b4 Bc8 22.
Bxc8 Rxc8 23. Bd2 Ne6 24. Nxe6 fxe6 25. Rac1 Rf8 26. Qd3 h6 27. Rc2 Qe8 28. Rdc1
g5 29. Kg2 Rf7 30. a4 a6 31. h4 Qd7 32. hxg5 Rcf8 33. Bf4 Rxf4 34. gxf4 Rxf4 35.
gxh6 Bxh6 36. Rg1 Nf5 37. Kf1+ Kf8 38. Rc3 Qe8 39. Qxa6 Ne7 40. Ng5 1-0

[Event "China-Russia Match 2015"]
[Site "Ningbo CHN"]
[Date "2015.07.19"]
[Round "4.4"]
[White "Fedoseev, Vladimir3"]
[Black "Yu, Yangyi"]
[Result "1-0"]
[WhiteTitle "GM"]
[BlackTitle "GM"]
[WhiteElo "2664"]
[BlackElo "2736"]
[WhiteTeam "Russia"]
[BlackTeam "China"]
[WhiteFideId "24130737"]
[BlackFideId "8603820"]
[EventDate "2015.07.15"]

1. e4 c5 2. Be2 Nc6 3. f4 g6 4. Nf3 Bg7 5. O-O d6 6. d3 Nf6 7. c3 O-O 8. Kh1 b5
9. a3 a5 10. Be3 Ng4 11. Bg1 e5 12. fxe5 Ngxe5 13. Nxe5 Nxe5 14. d4 Nd7 15. Bxb5
Qc7 16. Nd2 Ba6 17. Bxa6 Rxa6 18. Qe2 Qb7 19. e5 Re8 20. Qf2 Rf8 21. Nc4 d5 22.
Qf3 f6 23. e6 Rxe6 24. Nxa5 Qa8 25. dxc5 Re4 26. b4 f5 27. c6 Ne5 28. Qd1 d4 29.
Bxd4 Nxc6 30. Bxg7 Kxg7 31. Qd7+ Ne7 32. Nb7 Kh6 33. Qd2+ g5 34. Nc5 Rd8 35. Qf2
Rg4 36. h3 Rh4 37. Qe3 Ng6 38. Rxf5 Rf4 39. Rxf4 Nxf4 40. Ne4 Rd3 41. Qb6+ Ng6
42. Re1 1-0

[Event "China-Russia Match 2015"]
[Site "Ningbo CHN"]
[Date "2015.07.19"]
[Round "4.5"]
[White "Wei, Yi"]
[Black "Dubov, Daniil"]
[Result "1-0"]
[WhiteTitle "GM"]
[BlackTitle "GM"]
[WhiteElo "2724"]
[BlackElo "2661"]
[WhiteTeam "China"]
[BlackTeam "Russia"]
[WhiteFideId "8603405"]
[BlackFideId "24126055"]
[EventDate "2015.07.15"]

1. e4 c5 2. Nc3 Nc6 3. Bb5 Nd4 4. Bc4 g6 5. Nf3 Bg7 6. Nxd4 cxd4 7. Qf3 f5 8.
Ne2 Qa5 9. c3 dxc3 10. dxc3 Nf6 11. exf5 Qxf5 12. Qxf5 gxf5 13. Bf4 d6 14. Rd1
Bd7 15. O-O Rc8 16. Bb3 a5 17. a3 Ne4 18. Rfe1 Nc5 19. Ba2 Be5 20. f3 Bxf4 21.
Nxf4 Kd8 22. Nd5 Re8 23. Nb6 Rc6 24. Nxd7 Nxd7 25. Rd5 Rc5 26. Rxc5 Nxc5 27. b4
Na4 28. Bb3 Nb6 29. bxa5 Nd7 30. Rb1 Nc5 31. a6 Kc7 32. axb7 Nxb7 33. Bc2 f4 34.
Bxh7 Nc5 35. Bc2 e5 36. g3 d5 37. Re1 Kd6 38. gxf4 Rg8+ 39. Kf2 exf4 40. h4 Nd7
41. h5 Ne5 42. Rd1 Rg3 43. Be4 Rh3 44. Bxd5 Kc5 45. Be4 Rxh5 46. Rd5+ Kc4 47. a4
Kxc3 48. Rd1 Kc4 49. Rd5 Kc3 50. a5 Rh2+ 51. Kg1 Nxf3+ 52. Bxf3 Ra2 53. Rb5 Kc4
54. Bc6 f3 55. Kf1 Ra1+ 56. Kf2 Ra3 57. Kg3 Ra1 58. Kf2 Ra3 59. Bd7 Kd4 60. Bc8
Ke4 61. Bb7+ Kf4 62. Rb4+ Ke5 63. a6 Kf5 64. Rd4 Ke5 65. Rd8 Kf5 66. Rf8+ Ke5
67. Rxf3 Ra2+ 68. Kg3 Kd6 69. Rc3 1-0